Missing Word: In Memoriam 2017 Movies Quiz Stats

 Plays Quiz Updated Dec 12, 2018

Support Sporcle.
Go Orange.
Score 0/30 Timer 03:00
1 Play Today
Hint Answer % Correct
Jerry LewisWorld
96.2%
Roger MooreLive
94.9%
Roger MooreOnly
94.1%
Martin LandauNorth
93.7%
Jerry LewisNutty
91.8%
John HurtMan
90.7%
Jerry LewisHook
90.3%
Roger MooreSpy
90.1%
John HurtAll
88.6%
Sam ShepardSteel
87.8%
Sam ShepardBrief
86.7%
John HurtVendetta
84.8%
John HurtTinker
82.5%
Bill PaxtonApollo
80.3%
Sam ShepardRight
79.1%
Hint Answer % Correct
Roger MooreView
78.3%
Jerry LewisKing
76.4%
Roger MooreRun
75.5%
John HurtRob
72.9%
Bill PaxtonTrue
72.8%
Martin LandauCrimes
71.4%
Martin LandauWood
63.6%
Sam ShepardSnow
58.9%
Sam ShepardHorses
56.6%
Bill PaxtonTomorrow
51.1%
Jerry LewisFamily
43.6%
Bill PaxtonPlan
41.7%
Bill PaxtonFalse
36.7%
Martin LandauDream
27.4%
Martin LandauHall
13%

Today's Daily Dose

You're not logged in!

Compare scores with friends on all Sporcle quizzes.
OR
Log In

From the Vault

Seven Dwarfs Consonants

by Flick

Yes, it is okay to whistle while you work.
Remove Ads.
Support Sporcle.
Get the best of Sporcle when you Go Orange. This ad-free experience offers more features, more stats, and more fun while also helping to support Sporcle. Thank you for becoming a member.

Show Comments

Extras

Top Quizzes Today


Score Distribution

Your Account Isn't Verified!

In order to create a playlist on Sporcle, you need to verify the email address you used during registration. Go to your Sporcle Settings to finish the process.

Report this User

Report this user for behavior that violates our Community Guidelines.

Details: